002700000a2200073000450024500570000004100140005710000210007177301040009210aProblema del instinto de la conducta de las arañas0 aEspañol1 aThomas , Maurice1 tRevista de la Academia Colombiana de Ciencias Exactas, Físicas y Naturalesh33-34q76-91d1953g9